What drives prices in Egypt ? : (Record no. 26275)
[ view plain ]
| 000 -LEADER | |
|---|---|
| fixed length control field | 01625cam a2200349Ia 4500 |
| 001 - CONTROL NUMBER | |
| control field | 1059074 |
| 005 - DATE AND TIME OF LATEST TRANSACTION | |
| control field | 20180320134807.0 |
| 008 - FIXED-LENGTH DATA ELEMENTS--GENERAL INFORMATION | |
| fixed length control field | 090314s2009 ua a sb 101 0 eng d |
| 020 ## - INTERNATIONAL STANDARD BOOK NUMBER | |
| Cancelled/invalid ISBN | 9774163036 |
| 020 ## - INTERNATIONAL STANDARD BOOK NUMBER | |
| Cancelled/invalid ISBN | 9789774163036 |
| 035 ## - SYSTEM CONTROL NUMBER | |
| System control number | (CaPaEBR)ebr10409522 |
| 035 ## - SYSTEM CONTROL NUMBER | |
| System control number | (OCoLC)680621218 |
| 040 ## - CATALOGING SOURCE | |
| Original cataloging agency | CaPaEBR |
| Language of cataloging | eng |
| Transcribing agency | CaPaEBR |
| Modifying agency | EG-ScBUE |
| 043 ## - GEOGRAPHIC AREA CODE | |
| Geographic area code | f-ua--- |
| 082 04 - DEWEY DECIMAL CLASSIFICATION NUMBER | |
| Classification number | 338.520962 |
| Item number | WHA |
| Edition number | 22 |
| 245 00 - TITLE STATEMENT | |
| Title | What drives prices in Egypt ? : |
| Remainder of title | an analysis in light of international experience / |
| Statement of responsibility, etc | edited by Hanaa Kheir-El-Din. |
| 260 ## - PUBLICATION, DISTRIBUTION, ETC. (IMPRINT) | |
| Place of publication, distribution, etc | Cairo ; |
| -- | New York : |
| Name of publisher, distributor, etc | American University in Cairo Press, |
| Date of publication, distribution, etc | 2009. |
| 300 ## - PHYSICAL DESCRIPTION | |
| Extent | xi, 249 p. : |
| Other physical details | ill. ; |
| Dimensions | 24 cm. |
| 500 ## - GENERAL NOTE | |
| General note | "An Egyptian Center for Economic Studies publication." |
| 500 ## - GENERAL NOTE | |
| General note | Proceedings of a conference organized by the Egyptian Center for Economic Studies (ECES) in Cairo on Nov. 25-26, 2007. |
| 504 ## - BIBLIOGRAPHY, ETC. NOTE | |
| Bibliography, etc | Includes bibliographical references and index. |
| 533 ## - REPRODUCTION NOTE | |
| Type of reproduction | Electronic reproduction. |
| Place of reproduction | Palo Alto, Calif. : |
| Agency responsible for reproduction | ebrary, |
| Date of reproduction | 2011. |
| Note about reproduction | Available via World Wide Web. |
| -- | Access may be limited to ebrary affiliated libraries. |
| 650 #7 - SUBJECT ADDED ENTRY--TOPICAL TERM | |
| Topical term or geographic name as entry element | Inflation (Finance) |
| Geographic subdivision | Egypt |
| Form subdivision | Congresses. |
| Source of heading or term | BUEsh |
| 650 #7 - SUBJECT ADDED ENTRY--TOPICAL TERM | |
| Topical term or geographic name as entry element | Prices |
| Geographic subdivision | Egypt |
| Form subdivision | Congresses. |
| Source of heading or term | BUEsh |
| 651 #7 - SUBJECT ADDED ENTRY--GEOGRAPHIC NAME | |
| Geographic name | Egypt |
| General subdivision | Economic conditions |
| Chronological subdivision | 21st century |
| Form subdivision | Congresses. |
| Source of heading or term | BUEsh |
| 651 #7 - SUBJECT ADDED ENTRY--GEOGRAPHIC NAME | |
| Geographic name | Egypt |
| General subdivision | Economic policy |
| Chronological subdivision | 21st century |
| Form subdivision | Congresses. |
| Source of heading or term | BUEsh |
| 653 ## - INDEX TERM--UNCONTROLLED | |
| Resource For college | BAEPS, Economics |
| Arrived date list | March2018 |
| 655 ## - INDEX TERM--GENRE/FORM | |
| Form subdivision | Reading book |
| -- | 34232 |
| 700 1# - ADDED ENTRY--PERSONAL NAME | |
| Personal name | Kheir-El-Din, Hanaa, |
| Relator term | editor. |
| 856 40 - ELECTRONIC LOCATION AND ACCESS | |
| Uniform Resource Identifier | <a href="http://site.ebrary.com/lib/indianauniv/Doc?id=10409522">http://site.ebrary.com/lib/indianauniv/Doc?id=10409522</a> |
| Public note | An electronic book accessible through the World Wide Web; click to view |
| 942 ## - ADDED ENTRY ELEMENTS (KOHA) | |
| Source of classification or shelving scheme | Dewey Decimal Classification |
| Withdrawn status | Item status | Source of classification or shelving scheme | Damaged status | Not for loan | Vendor | Home library | Current library | Shelving location | Date acquired | Source of acquisition | Total Checkouts | Total Renewals | Full call number | Barcode | Date last seen | Date last borrowed | Koha item type |
|---|---|---|---|---|---|---|---|---|---|---|---|---|---|---|---|---|---|
| Dewey Decimal Classification | Baccah | Central Library | Central Library | First floor | 11/03/2018 | Purchase | 2 | 3 | 338.520962 WHA | 000043037 | 15/07/2025 | 06/09/2018 | Book - Borrowing | ||||
| Dewey Decimal Classification | Baccah | Central Library | Central Library | First floor | 11/03/2018 | Purchase | 1 | 338.520962 WHA | 000043038 | 15/07/2025 | 28/11/2018 | Book - Borrowing | |||||
| Dewey Decimal Classification | Baccah | Central Library | Central Library | First floor | 11/03/2018 | Purchase | 338.520962 WHA | 000043039 | 15/07/2025 | NB - Book (Non borrowing) |